000 00292nam a22001097a 4500
008 230621b xxu||||| |||| 00| 0 eng d
082 _a327.17
_bUNE 1990
245 _aUNESCO Yearbook on Peace and Conflict Studies
_b1988
260 _aFrance
_bUNESCO
_c1990
300 _aIX,239p
942 _2ddc
_cBK
999 _c1982
_d1982